Arrowverse Characters by Episodes - Statistics

General Stats
  • This quiz has been taken 421 times
    334 since last reset
  • The average score is 14 of 20
Answer Stats
Episode Actor Character Years % Correct
195 Stephen Amell Oliver Queen/ Green Arrow/ The Flash 2012-2023
99%
216 Grant Gustin The Flash/ Barry Allen/ Green Arrow 2014-2023
99%
148 Melissa Benoist Supergirl/ Kara Danvers/ Overgirl 2015-2021
84%
195 Danielle Panabaker Caitlin Snow/ Frost/ Khione/ Killer Frost 2014-2023
81%
194 David Ramsey John Diggle/ Spartan/ Green Arrow 2012-2023
81%
182 Emily Bett Rickards Felicity Smoak 2014-2020
79%
153 Caity Lotz White Canary/ Sara Lance 2012-2022
79%
162 Katie Cassidy Black Canary/ Laurel Lance/ Black Siren/ Siren X 2012-2020
78%
178 Carlos Valdes Cisco Ramone/ Vibe/ Reverb/ Echo 2014-2021
73%
107 Brandon Routh Ray Palmer/ The Atom/ Superman/ Clark Kent 2014-2022
73%
136 Willa Holland Thea Queen/ Speedy 2012-2020
72%
188 Candace Patton Iris West-Allen 2014-2023
71%
177 Jesse L. Martin Joe West 2014-2023
68%
154 Tom Cavanagh Harrison "Harry" "H.R." "Nash" Wells/ Eobard Thawne/ Reverse Flash/ Pariah 2014-2022
67%
105 Dominic Purcell Heat Wave/ Mick Rory 2014-2022
54%
147 Paul Blackthorne Quentin Lance 2012-2020
53%
134 Chyler Leigh Alex Danvers 2015-2021
52%
130 David Harewood J'Onn J'onzz/ Martian Manhunter/ Hank Henshaw/ Cyborg Superman 2015-2021
41%
108 Danielle Nicolet Cecile Horton 2015-2023
33%
137 Amy Louise Pemberton/ Morena Baccarin Gideon 2014-2022
31%
No matching quizzes found
Score Distribution
Percent of People with Each Score
Percentile by Number Answered
Your Score History
You have not taken this quiz since the last reset